Rentas económicas en el marco de la globalización: desarrollo y aprendizaje /
Shranjeno v:
| Glavni avtor: | |
|---|---|
| Drugi avtorji: | , |
| Format: | Texto |
| Teme: | |
| Oznake: |
Označite
Brez oznak, prvi označite!
|
MARC
| LEADER | 00000 a a2200000 04500 | ||
|---|---|---|---|
| 001 | 42475 | ||
| 003 | |||
| 040 | |||
| 100 | |a Dabat, Alejandro | ||
| 245 | |a Rentas económicas en el marco de la globalización: |b desarrollo y aprendizaje / |c Alejandro Dabat; Miguel A. Rivera Rios; Sebastián Sztulwark | ||
| 650 | |a COMPETENCIA | ||
| 650 | |a DESARROLLO REGIONAL | ||
| 650 | |a POLITICA DE COMPETENCIA | ||
| 650 | |a EMPRESAS | ||
| 700 | |a Rivera Ríos, Miguel A | ||
| 700 | |a Sztulwark, Sebastián | ||
| 773 | |g volumen3, número5 ( , 2008), páginas 11-36 | ||
| 999 | |c 31725 |d 31725 | ||
